|
|
|
|
| LEADER |
01876nem a22004212a 4500 |
| 001 |
mzk03001064867 |
| 003 |
CZ BrMZK |
| 005 |
20121101150946.0 |
| 007 |
aj|ca||| |
| 008 |
080722s1802 xr i||||||a|||r|0|||gerod |
| 034 |
1 |
|
|a a
|b 240000
|d E0142416
|e E0152842
|f N0510145
|g N0501017
|
| 040 |
|
|
|a BOA001
|b cze
|
| 043 |
|
|
|a e-xr---
|b e-xr-st
|b e-xr-li
|2 czenas
|
| 072 |
|
7 |
|a 912:904
|x Staré mapy
|2 Konspekt
|9 7
|
| 080 |
|
|
|a (084.3)
|2 MRF
|
| 080 |
|
|
|a (437.312)
|2 MRF
|
| 080 |
|
|
|a (437.316)
|2 MRF
|
| 100 |
1 |
|
|a Henatsch, Ant.
|4 aut
|
| 245 |
1 |
0 |
|a Bunzlauer Kreis
|h [kartografický dokument] /
|c [Anton Henatsch ; Ed. Peter Franza]
|
| 255 |
|
|
|a Měřítko [ca 1:240 000]. 7,7 cm = 2 Böhm. Meilen
|c (014°24´16" v.d.--015°28´42" v.d./051°01´45" s.š.--050°10´17" s.š.)
|
| 260 |
|
|
|a [Praha :
|b Peter Franza,
|c 1802?]
|
| 300 |
|
|
|a 1 mapa :
|b mědirytina, ručně kolorovaná ;
|c 44,7 x 35,4 cm na listu 50,2 x 42 cm
|
| 500 |
|
|
|a Na rubu rukopisná poznámka "Bunzlauer Kreis"
|
| 500 |
|
|
|a Součást série českých krajů z edice bez udání vydavatele Petra Franzy
|
| 500 |
|
|
|a Výzdoba: V levém horním rohu název, v pravém dolním rohu grafické měřítko, barevně vyznačena hranice kraje a značky pro města
|
| 510 |
4 |
|
|a Roubík, F. Soupis map českých zemí,
|c I, č. 727
|
| 590 |
|
|
|a Poškozené okraje mapy (nezasahují do mapového pole), mapa byla původně složena ca 15 x 8 cm
|
| 655 |
|
7 |
|a historické mapy
|7 fd186723
|2 czenas
|
| 651 |
|
7 |
|a Mladá Boleslav (Česko : oblast)
|7 ge130036
|2 czenas
|
| 651 |
|
7 |
|a Liberecký kraj (Česko : 2000-)
|7 ge135865
|2 czenas
|
| 700 |
1 |
|
|a Franza, Peter
|4 pbl
|
| 856 |
4 |
1 |
|u http://mapy.mzk.cz/mzk03/001/064/867/2610350431
|y Digitalizovaný dokument
|
| 910 |
|
|
|a BOA001
|b STMpa-1208.993,A
|
| 978 |
|
|
|b Franza, Peter
|a Praha
|c 1802
|
| 984 |
|
|
|a Praha
|b Česko
|
| 985 |
|
|
|a 1801-1850
|
| 990 |
|
|
|a MP
|
| 991 |
|
|
|k mzk
|